00726cam a2200217u 450000100060000000300080000600500170001400800410003103500190007204000330009104100080012408200250013210000480015724500310020526000390023630000470027565000240032294200120034699900170035895201330037510862BD-RjUL20211208235029.0140125s1960 enkad 000 0 eng  a(BD-RjUL)10911 aDLCcCarPdDLCdBD-RjULbeng aeng04219a551.59bSMW 19601 aSmith, L. P.q(Lionel Percy),d1914-93358610aWeathercraft /cL P Smith. aLondon :bBlandford Press,cc1960. a86 p. :billus., charts, diagrs. ;c23 cm. 0aMeteorology.933587 2ddccBK c10862d10862 00102ddc4071aRUCLbRUCLcReadingd1962-10-20eZeitlingerg9.60l0o551.59 SMW 1960r2014-01-25 00:00:00tC-1w2014-01-25yBK